Statistics for Countries invaded in WW2

Click here to take the quiz!

General Stats

  • This quiz has been taken 155 times
  • The average score is 27 of 34

Answer Stats

HintAnswer% Correct
JapanFrance
97%
Germany and ItalyFrance
97%
ThailandFrance
97%
GermanyPoland
94%
Soviet UnionPoland
94%
JapanChina
93%
GermanyNetherlands
92%
JapanNetherlands
92%
GermanyNorway
91%
GermanyBelgium
89%
Soviet UnionFinland
88%
GermanyUnited Kingdom
87%
JapanUnited Kingdom
87%
ItalyGreece
86%
United Kingdom, United States and CanadaItaly
85%
United KingdomDenmark
83%
United StatesDenmark
83%
GermanyDenmark
83%
Soviet UnionRomania
82%
GermanyLuxembourg
81%
United Kingdom, United States, Soviet Union and CommonwealthGermany
79%
Germany, Italy, Bulgaria and HungaryYugoslavia
78%
Soviet UnionYugoslavia
78%
Soviet UnionBulgaria
77%
GermanyHungary
77%
JapanUnited States
76%
Soviet UnionLatvia
73%
GermanySoviet Union
72%
Soviet UnionEstonia
71%
Soviet UnionLithuania
70%
ItalyEgypt
55%
JapanThailand
48%
United Kingdom and Soviet UnionIran
45%
United KingdomIceland
38%

Score Distribution

Percentile by Number Answered

Percent of People with Each Score

Your Score History

You have not taken this quiz